000 00370nam a2200145Ia 4500
008 240624s9999 xx 000 0 und d
041 _aeng
082 _a303.482 DAD
100 _aDADDOW OLIVER
245 _aINTERNATIONAL RELATIONS THEORY THE ESSEN
250 _a(2nd ed.)
260 _c2013
_aLondon
_bSage
300 _avi, : 348 : p. : cm. ; 20
365 _cGBP
_b38
999 _c26685
_d26685